000 00326nam a2200157Ia 4500
100 _aModule J5
650 _aElectrical Engineering
942 _cBK
654 _aLift Practice
245 _aLift Practice
260 _bE.I.T.B
_aEngland
_c1980
082 _a620
_bITB
300 _a203
546 _aENGLISH
999 _c20214
_d20214